[Event "Lagos South West op"]
[Site "Lagos"]
[Date "2023.07.16"]
[Round "8"]
[White "Okemakinde, Toluwanimi"]
[Black "Akinseye, Abiola Daniel"]
[Result "1-0"]
[WhiteElo "2203"]
[BlackElo "2178"]
[PlyCount "125"]
[EventDate "2023.07.12"]
[EventType "swiss"]
[EventRounds "9"]
[EventCountry "NGR"]
[SourceTitle "CBM 215 Extra"]
[Source "ChessBase"]
[SourceDate "2023.09.30"]
[SourceVersion "1"]
[SourceVersionDate "2023.09.30"]
[SourceQuality "1"]

1. e4 e5 2. Nf3 Nc6 3. Bc4 Be7 4. d3 Nf6 5. Nbd2 0-0 6. c3 d5 7. Bb3 Bg4 8. h3 Be6 9. Ng5 Bc8 10. Qe2 b5 11. 0-0 Rb8 12. Rd1 Na5 13. Bc2 c5 14. d4 cxd4 15. cxd4 Nc6 16. dxe5 Nd4 17. Qd3 Nxc2 18. exf6 Bxf6 19. Qxc2 Bxg5 20. Nb3 Bb7 21. exd5 Rc8 22. Qf5 Bxc1 23. Raxc1 Rxc1 24. Nxc1 Qd6 25. Ne2 g6 26. Qf4 Qxf4 27. Nxf4 Rd8 28. d6 Kg7 29. Rd4 Bc8 30. Nd3 Be6 31. a3 Kf6 32. f4 g5 33. fxg5+ Kxg5 34. Kf2 Kf6 35. Ke3 h5 36. Kf4 Bd7 37. Ne5 Be6 38. d7 Kg7 39. Rd6 Kf8 40. Ra6 Kg7 41. Rxa7 f6 42. Nc6 Rxd7 43. Rxd7+ Bxd7 44. Nd4 Kg6 45. h4 Kf7 46. Nf5 Bc6 47. g3 Bd7 48. b3 Bc6 49. Nd6+ Ke6 50. Ne4 Be8 51. a4 bxa4 52. bxa4 f5 53. Nc3 Kd6 54. Kxf5 Kc5 55. a5 Kb4 56. a6 Kxc3 57. a7 Bc6 58. g4 hxg4 59. Kxg4 Kd4 60. h5 Ke5 61. Kg5 Ke6 62. Kg6 Be4+ 63. Kg7 1-0

[Event "Lagos South West op"]
[Site "Lagos"]
[Date "2023.07.13"]
[Round "4"]
[White "Edunwale, Hakeem Olajide"]
[Black "Akinseye, Abiola Daniel"]
[Result "0-1"]
[WhiteElo "2028"]
[BlackElo "2178"]
[PlyCount "98"]
[EventDate "2023.07.12"]
[EventType "swiss"]
[EventRounds "9"]
[EventCountry "NGR"]
[SourceTitle "CBM 215 Extra"]
[Source "ChessBase"]
[SourceDate "2023.09.30"]
[SourceVersion "1"]
[SourceVersionDate "2023.09.30"]
[SourceQuality "1"]

1. Nf3 d5 2. g3 c5 3. Bg2 Nf6 4. c4 Nc6 5. cxd5 Nxd5 6. Nc3 e6 7. a3 Be7 8. Qc2 0-0 9. h4 Nf6 10. Ne4 Nd4 11. Nxd4 cxd4 12. Nxf6+ Bxf6 13. Be4 h6 14. Qb3 e5 15. Qf3 Rb8 16. d3 Be7 17. Bf5 Be6 18. Qg4 Bxf5 19. Qxf5 Qd5 20. 0-0 Rbc8 21. e3 Rfd8 22. exd4 exd4 23. Qxd5 Rxd5 24. Re1 Bf6 25. Rb1 Rc2 26. Kf1 Rdc5 27. Bf4 g5 28. hxg5 hxg5 29. Bd6 Rd5 30. Bb8 Rc8 31. Bxa7 Ra5 32. Bb6 Ra6 33. Bxd4 Bxd4 34. Re4 Rd6 35. Rg4 f6 36. f4 Rc2 37. fxg5 Rf2+ 38. Ke1 Re6+ 39. Re4 Rxe4+ 40. dxe4 Rh2 41. Rd1 Rh1+ 42. Ke2 Rxd1 43. Kxd1 fxg5 44. g4 Bxb2 45. a4 Kf7 46. Kc2 Bf6 47. Kd3 Ke6 48. Ke2 Ke5 49. Ke3 Bd8 0-1

[Event "Lagos South West op"]
[Site "Lagos"]
[Date "2023.07.12"]
[Round "2"]
[White "Oluwadara, Adegbayi"]
[Black "Akinseye, Abiola Daniel"]
[Result "0-1"]
[WhiteElo "1918"]
[BlackElo "2178"]
[PlyCount "93"]
[EventDate "2023.07.12"]
[EventType "swiss"]
[EventRounds "9"]
[EventCountry "NGR"]
[SourceTitle "CBM 215 Extra"]
[Source "ChessBase"]
[SourceDate "2023.09.30"]
[SourceVersion "1"]
[SourceVersionDate "2023.09.30"]
[SourceQuality "1"]

1. c4 e5 2. Nc3 Nf6 3. g3 Bc5 4. Bg2 0-0 5. Nf3 Nc6 6. 0-0 d5 7. cxd5 Nxd5 8. Qb3 Nb6 9. d3 Be6 10. Qc2 Be7 11. a3 a5 12. Be3 Nd4 13. Bxd4 exd4 14. Nb5 c5 15. e3 Bd7 16. a4 Nxa4 17. Qxa4 Qb6 18. exd4 Bxb5 19. dxc5 Bxc5 20. Qc2 Rac8 21. Rac1 Rc7 22. Rfd1 Rfc8 23. Ra1 Bb4 24. Qb3 Rc2 25. d4 Be2 26. Ne5 Bxd1 27. Qxf7+ Kh8 28. Bd5 Qf6 29. Rxd1 Rf8 30. Qxf6 gxf6 31. Nd7 Rd8 32. Nxf6 Rxb2 33. Be4 Bc3 34. Nd5 Bd2 35. Kf1 a4 36. Ke2 a3 37. Ra1 a2 38. Kd3 b5 39. Nc3 Bxc3 40. Kxc3 Rxf2 41. Bc6 b4+ 42. Kxb4 Rxd4+ 43. Kb3 Rxh2 44. Bb5 Rg4 45. Bc4 Rxg3+ 46. Kb4 Rb2+ 47. Kc5 0-1

[Event "NGR-ch"]
[Site "Lagos"]
[Date "2021.11.11"]
[Round "6"]
[White "Kigigha, Bomo"]
[Black "Akinseye, Abiola Daniel"]
[Result "1/2-1/2"]
[WhiteElo "2272"]
[BlackElo "2236"]
[PlyCount "149"]
[EventDate "2021.11.09"]
[EventType "tourn"]
[EventRounds "9"]
[EventCountry "NGR"]
[EventCategory "1"]
[SourceTitle "CBM 205 Extra"]
[Source "ChessBase"]
[SourceDate "2022.01.31"]
[SourceVersion "1"]
[SourceVersionDate "2022.01.31"]
[SourceQuality "1"]

1. Nf3 d5 2. c4 e6 3. g3 Nf6 4. Bg2 Bd6 5. 0-0 0-0 6. b3 Nbd7 7. Bb2 b6 8. cxd5 exd5 9. Nc3 a6 10. Nd4 Bb7 11. Nf5 Ne5 12. d3 Re8 13. Nxd6 Qxd6 14. Rc1 Rad8 15. e3 Bc8 16. d4 Ng6 17. Qc2 Bb7 18. Nb1 c6 19. Rfe1 h5 20. Nd2 h4 21. Nf3 hxg3 22. hxg3 Ne4 23. Ne5 Nxe5 24. dxe5 Qg6 25. Bf3 c5 26. Kg2 Bc8 27. Rh1 Bf5 28. Qe2 Ng5 29. Bg4 Bd3 30. Qd1 Qe4+ 31. f3 Qg6 32. Bh5 Qf5 33. Bg4 Qg6 34. Rh5 Nh7 35. Qh1 f5 36. exf6 Rxe3 37. Re5 Rxe5 38. Bxe5 Qxg4 39. Qxh7+ Kxh7 40. fxg4 gxf6 41. Bc7 Re8 42. Bxb6 c4 43. bxc4 dxc4 44. a4 Re2+ 45. Kf3 Ra2 46. a5 Kg6 47. Kf4 Ra3 48. Bc7 c3 49. Bd6 Rb3 50. Ke3 Bb1 51. Kd4 c2 52. Bf4 Ra3 53. Bc7 Kg5 54. Kc5 Rb3 55. Kc6 Kxg4 56. Kc5 f5 57. Kc4 Rb7 58. Bd6 Rb5 59. Bc7 Ba2+ 60. Kd4 Rd5+ 61. Ke3 Bb3 62. Bf4 Rxa5 63. Rh1 c1Q+ 64. Rxc1 Bd5 65. Rc2 Be4 66. Rh2 Ra3+ 67. Kd4 a5 68. Rh8 a4 69. Rh7 Rb3 70. Ra7 a3 71. Kc4 Rd3 72. Ra5 Kf3 73. Kb4 Kg4 74. Rxa3 Rxa3 75. Kxa3 1/2-1/2

[Event "NGR-ch"]
[Site "Lagos"]
[Date "2021.11.09"]
[Round "1"]
[White "Akinseye, Abiola Daniel"]
[Black "Aikhoje, Odion"]
[Result "0-1"]
[WhiteElo "2236"]
[BlackElo "2239"]
[PlyCount "52"]
[EventDate "2021.11.09"]
[EventType "tourn"]
[EventRounds "9"]
[EventCountry "NGR"]
[EventCategory "1"]
[SourceTitle "CBM 205 Extra"]
[Source "ChessBase"]
[SourceDate "2022.01.31"]
[SourceVersion "1"]
[SourceVersionDate "2022.01.31"]
[SourceQuality "1"]

1. d4 Nf6 2. Nf3 d5 3. c4 c6 4. Nc3 e6 5. e3 Nbd7 6. Bd3 dxc4 7. Bxc4 b5 8. Bd3 Bb7 9. 0-0 a6 10. e4 c5 11. d5 c4 12. dxe6 fxe6 13. Bc2 Nc5 14. Qe2 Be7 15. e5 Nd5 16. Ng5 Bxg5 17. Qh5+ g6 18. Bxg6+ hxg6 19. Qxg6+ Kd7 20. Nxd5 Bxd5 21. Bxg5 Qg8 22. Qf6 Qh7 23. Qf4 Raf8 24. Bf6 Nd3 25. Qg3 Rhg8 26. Bg5 Rxg5 0-1

[Event "Accra zt 4.4"]
[Site "Accra"]
[Date "2019.04.22"]
[Round "2"]
[White "Akinseye, Abiola Daniel"]
[Black "Hasford, John Kojo"]
[Result "1-0"]
[WhiteElo "2207"]
[BlackElo "1980"]
[PlyCount "65"]
[EventDate "2019.04.21"]
[EventType "swiss"]
[EventRounds "9"]
[EventCountry "GHA"]
[SourceTitle "EXT 2021"]
[Source "ChessBase"]
[SourceDate "2020.10.23"]
[SourceVersion "1"]
[SourceVersionDate "2020.10.23"]
[SourceQuality "1"]

1. e4 e5 2. Nf3 Nc6 3. Bc4 Bc5 4. 0-0 Nf6 5. c3 0-0 6. d4 exd4 7. cxd4 Bb6 8. e5 Ne4 9. Bd5 Nc5 10. dxc5 Bxc5 11. Nc3 Be7 12. Ne4 h6 13. Bf4 Re8 14. Qb3 Rf8 15. Qe3 d6 16. Rad1 Be6 17. Bxh6 Bxd5 18. Rxd5 Nb4 19. Rd2 d5 20. Ng3 c5 21. Nf5 d4 22. Qf4 Nd5 23. Qg4 g6 24. Nxe7+ Qxe7 25. Bxf8 Rxf8 26. Qe4 Rd8 27. h4 f5 28. Qc2 Nf4 29. g3 Nh5 30. Rc1 b6 31. b4 Qb7 32. Qb3+ Qd5 33. bxc5 1-0

[Event "Accra zt 4.4"]
[Site "Accra"]
[Date "2019.04.21"]
[Round "1"]
[White "Kolani Banake, Sopague"]
[Black "Akinseye, Abiola Daniel"]
[Result "0-1"]
[WhiteElo "1717"]
[BlackElo "2207"]
[PlyCount "86"]
[EventDate "2019.04.21"]
[EventType "swiss"]
[EventRounds "9"]
[EventCountry "GHA"]
[SourceTitle "EXT 2020"]
[Source "ChessBase"]
[SourceDate "2019.10.17"]
[SourceVersion "1"]
[SourceVersionDate "2019.10.17"]
[SourceQuality "1"]

1. d4 Nf6 2. c4 g6 3. Nc3 Bg7 4. b3 c5 5. Bb2 cxd4 6. Qxd4 Nc6 7. Qd2 0-0 8. Nf3 d6 9. e3 Nd7 10. Nd5 Bxb2 11. Qxb2 a5 12. Be2 a4 13. Qa3 e6 14. Nc3 Qa5 15. Rc1 Nc5 16. 0-0 axb3 17. Qxa5 Nxa5 18. axb3 Naxb3 19. Rcd1 Rd8 20. Nb5 Ra6 21. Nc7 Ra2 22. Rfe1 Kf8 23. Bf1 Ke7 24. Nd4 Bd7 25. Ndb5 Bc6 26. Re2 Ra5 27. Rb2 Rd7 28. Be2 Kd8 29. Nd4 Nxd4 30. exd4 Na4 31. Nxe6+ fxe6 32. Ra2 b6 33. Ra3 Nb2 34. Rda1 Rda7 35. Rxa5 Rxa5 36. Rb1 Ra2 37. Kf1 Na4 38. Rc1 Be4 39. f3 Bc2 40. f4 Nc3 41. Bf3 Bd3+ 42. Ke1 Ne2 43. Bxe2 Rxe2+ 0-1

[Event "PRO League Stage"]
[Site "Chess.com INT"]
[Date "2017.02.22"]
[Round "7"]
[White "Akinseye, Abiola Daniel"]
[Black "Collins, Sam E"]
[Result "1-0"]
[WhiteElo "2200"]
[BlackElo "2455"]
[PlyCount "131"]
[EventDate "2017.01.11"]
[EventType "team-swiss (rapid)"]
[EventRounds "7"]
[EventCountry "USA"]
[SourceTitle "EXT 2018"]
[Source "ChessBase"]
[SourceDate "2017.10.13"]
[SourceVersion "1"]
[SourceVersionDate "2017.10.13"]
[SourceQuality "1"]
[WhiteTeam "Abuja Rockstars"]
[BlackTeam "Dublin Desperados"]
[WhiteTeamCountry "NGR"]
[BlackTeamCountry "IRQ"]

1. e4 e5 2. Nf3 Nc6 3. Bc4 Nf6 4. Ng5 d5 5. exd5 Na5 6. Bb5+ c6 7. dxc6 bxc6 8. Be2 h6 9. Nf3 e4 10. Ne5 Bd6 11. d4 exd3 12. Nxd3 0-0 13. 0-0 Qc7 14. h3 Re8 15. b3 c5 16. Bf3 Rb8 17. Bb2 Ne4 18. Nc3 Ng5 19. Nd5 Qd8 20. c4 Bf5 21. Bc3 Ne4 22. Bxe4 Rxe4 23. Qf3 Bh7 24. Rfe1 Rxe1+ 25. Rxe1 Nc6 26. Qg4 Nd4 27. Re8+ Qxe8 28. Nf6+ Kh8 29. Nxe8 Rxe8 30. Bxd4 cxd4 31. Qxd4 Bb8 32. Kf1 Bf5 33. b4 Bc7 34. g4 Rd8 35. Qxd8+ Bxd8 36. gxf5 g6 37. fxg6 fxg6 38. Ne5 Kg7 39. Nc6 Bf6 40. Nxa7 Kf7 41. Ke2 Ke6 42. Kd3 g5 43. Nb5 h5 44. Ke4 Be7 45. Nc7+ Kd7 46. Nd5 Bd8 47. f3 Kd6 48. Kd4 Ke6 49. a4 Kd6 50. a5 Kc6 51. b5+ Kb7 52. a6+ Ka7 53. c5 Ba5 54. Nf6 h4 55. Ne4 Bd8 56. Kd5 Be7 57. Ke6 Bd8 58. Kd7 Ba5 59. Nxg5 Bb4 60. Ne4 Ba3 61. f4 Bb2 62. f5 Bg7 63. f6 Bf8 64. f7 Kb8 65. c6 Ka7 66. c7 1-0

[Event "PRO League Stage"]
[Site "Chess.com INT"]
[Date "2017.02.22"]
[Round "7"]
[White "Jessel, Stephen"]
[Black "Akinseye, Abiola Daniel"]
[Result "1-0"]
[WhiteElo "2382"]
[BlackElo "2200"]
[PlyCount "87"]
[EventDate "2017.01.11"]
[EventType "team-swiss (rapid)"]
[EventRounds "7"]
[EventCountry "USA"]
[SourceTitle "EXT 2018"]
[Source "ChessBase"]
[SourceDate "2017.10.13"]
[SourceVersion "1"]
[SourceVersionDate "2017.10.13"]
[SourceQuality "1"]
[WhiteTeam "Dublin Desperados"]
[BlackTeam "Abuja Rockstars"]
[WhiteTeamCountry "IRQ"]
[BlackTeamCountry "NGR"]

1. e4 e5 2. Nf3 Nc6 3. Bc4 Be7 4. Bb3 Nf6 5. d3 0-0 6. c3 d5 7. Qe2 h6 8. Nbd2 Bc5 9. 0-0 Re8 10. a4 a5 11. Rd1 Bg4 12. h3 Bh5 13. Nf1 Qd7 14. Ng3 Bg6 15. Nh4 Bh7 16. Qf3 Ne7 17. Bxh6 c6 18. Bg5 Qe6 19. Bxf6 Qxf6 20. Qxf6 gxf6 21. Nh5 Red8 22. Nxf6+ Kg7 23. Nxh7 Kxh7 24. Nf3 f6 25. exd5 cxd5 26. d4 Bd6 27. dxe5 Bxe5 28. Rd3 Rd6 29. Re1 Rad8 30. Nxe5 fxe5 31. Rxe5 Ng6 32. Rexd5 Rxd5 33. Rxd5 Re8 34. Kf1 Kh6 35. g3 Ne5 36. Rd6+ Kg7 37. Re6 Rxe6 38. Bxe6 Kf6 39. Bd5 b6 40. Ke2 Nd7 41. Be4 Ke5 42. Ke3 Nf6 43. f4+ Kd6 44. b4 1-0

[Event "Lagos Friends of Chess"]
[Site "Lagos"]
[Date "2015.08.09"]
[Round "7"]
[White "Akinseye, Abiola Daniel"]
[Black "Daramola, Dennis"]
[Result "1-0"]
[WhiteElo "2186"]
[BlackElo "1913"]
[PlyCount "50"]
[EventDate "2015.08.06"]
[EventType "swiss"]
[EventRounds "7"]
[EventCountry "NGR"]
[SourceTitle "EXT 2018"]
[Source "ChessBase"]
[SourceDate "2017.10.13"]
[SourceVersion "1"]
[SourceVersionDate "2017.10.13"]
[SourceQuality "1"]

1. e4 c5 2. Nf3 d6 3. d4 cxd4 4. Nxd4 Nf6 5. Nc3 a6 6. Bg5 e6 7. f4 Be7 8. Qf3 Qc7 9. 0-0-0 Nbd7 10. g4 b5 11. Bxf6 Nxf6 12. g5 Nd7 13. a3 Bb7 14. Bh3 Rc8 15. Bxe6 fxe6 16. Nxe6 Qc4 17. Nxg7+ Kf8 18. Nf5 Qe6 19. Nd4 Qf7 20. Rhf1 Rg8 21. h4 Rc4 22. f5 Ne5 23. Qf4 Rxc3 24. Ne6+ Ke8 25. bxc3 Nc4 1-0

[Event "Lagos Friends of Chess"]
[Site "Lagos"]
[Date "2015.08.08"]
[Round "6"]
[White "Eyenghe, Sunny"]
[Black "Akinseye, Abiola Daniel"]
[Result "1/2-1/2"]
[WhiteElo "2021"]
[BlackElo "2186"]
[PlyCount "62"]
[EventDate "2015.08.06"]
[EventType "swiss"]
[EventRounds "7"]
[EventCountry "NGR"]
[SourceTitle "EXT 2018"]
[Source "ChessBase"]
[SourceDate "2017.10.13"]
[SourceVersion "1"]
[SourceVersionDate "2017.10.13"]
[SourceQuality "1"]

1. Nf3 f5 2. d4 Nf6 3. Bf4 d5 4. e3 e6 5. c4 c6 6. Nc3 Bd6 7. Ne5 0-0 8. Bd3 Bxe5 9. Bxe5 Nbd7 10. Bd6 Re8 11. cxd5 Nb6 12. Be5 exd5 13. 0-0 Ng4 14. Bg3 Be6 15. Ne2 g5 16. Nc1 Nc4 17. Bxc4 dxc4 18. b3 Rf8 19. h3 f4 20. exf4 gxf4 21. Bxf4 Rxf4 22. hxg4 Rxd4 23. Qf3 Bxg4 24. Qg3 Qd6 25. Qxd6 Rxd6 26. bxc4 c5 27. Nb3 b6 28. Rfe1 Re6 29. f3 Rae8 30. Kf2 Bf5 31. Rad1 R6e7 1/2-1/2

[Event "Lagos Friends of Chess"]
[Site "Lagos"]
[Date "2015.08.06"]
[Round "1"]
[White "Okpo, Uwe"]
[Black "Akinseye, Abiola Daniel"]
[Result "0-1"]
[WhiteElo "1907"]
[BlackElo "2186"]
[PlyCount "127"]
[EventDate "2015.08.06"]
[EventType "swiss"]
[EventRounds "7"]
[EventCountry "NGR"]
[SourceTitle "EXT 2018"]
[Source "ChessBase"]
[SourceDate "2017.10.13"]
[SourceVersion "1"]
[SourceVersionDate "2017.10.13"]
[SourceQuality "1"]

1. d4 f5 2. Bf4 Nf6 3. e3 d5 4. h3 e6 5. Nf3 Bd6 6. Bxd6 cxd6 7. c4 0-0 8. Nc3 dxc4 9. Bxc4 d5 10. Bd3 Nc6 11. 0-0 Bd7 12. Rc1 Ne4 13. Qa4 Ne5 14. Qd1 Nxf3+ 15. Qxf3 Nd2 16. Qf4 Nxf1 17. Rxf1 Qb6 18. Rb1 Rac8 19. Qg5 Qd6 20. Rd1 a6 21. h4 h6 22. Qh5 Qe7 23. g3 Be8 24. Qf3 g5 25. hxg5 Qxg5 26. Be2 b5 27. a3 Rf7 28. Na2 Rc2 29. Nb4 Rxb2 30. Nxa6 Ra7 31. Nc5 Bf7 32. Ra1 h5 33. Nd3 Rb3 34. Nc5 Rbxa3 35. Rxa3 Rxa3 36. Bxb5 Ra1+ 37. Kg2 Ra2 38. Qf4 Qe7 39. Qb8+ Kh7 40. Bd7 Rc2 41. Qc8 h4 42. Bxe6 h3+ 43. Kxh3 Rxf2 44. Bxf5+ Kg7 45. Ne6+ Bxe6 46. Qxe6 Qf6 47. Qxf6+ Kxf6 48. e4 Re2 49. g4 dxe4 50. Kg3 Kg5 51. d5 Re3+ 52. Kf2 Kf4 53. d6 Rd3 54. d7 e3+ 55. Ke2 Rd2+ 56. Ke1 Rd5 57. Ke2 Rd6 58. Be6 Rd4 59. Bf5 Rd2+ 60. Ke1 Kf3 61. Be6 Rd6 62. g5 e2 63. Bb3 Rxd7 64. g6 0-1

[Event "Lagos Millionaire Satellite op"]
[Site "Lagos"]
[Date "2015.06.13"]
[Round "8"]
[White "Akinseye, Abiola Daniel"]
[Black "Fabeyo, Frederick"]
[Result "1-0"]
[WhiteElo "2156"]
[BlackElo "2031"]
[PlyCount "117"]
[EventDate "2015.06.10"]
[EventType "swiss"]
[EventRounds "9"]
[EventCountry "NGR"]
[SourceTitle "EXT 2018"]
[Source "ChessBase"]
[SourceDate "2017.10.13"]
[SourceVersion "1"]
[SourceVersionDate "2017.10.13"]
[SourceQuality "1"]

1. e4 c6 2. d4 d5 3. Nc3 dxe4 4. Nxe4 Nd7 5. Nf3 Ngf6 6. Ng3 c5 7. Be2 g6 8. 0-0 cxd4 9. Nxd4 Bg7 10. c3 0-0 11. h3 a6 12. Re1 e5 13. Nf3 Qc7 14. a4 b6 15. Ng5 Bb7 16. Bf3 Rad8 17. Bxb7 Qxb7 18. Qf3 Qc7 19. Be3 h6 20. N5e4 Nd5 21. Nd2 Nxe3 22. Qxe3 f5 23. Qe2 Nc5 24. Qc4+ Qf7 25. Qxf7+ Rxf7 26. Nc4 Nd3 27. Re2 b5 28. Na5 e4 29. axb5 axb5 30. Nc6 Rd6 31. Ra8+ Rf8 32. Ra6 Kh7 33. Nb4 Rxa6 34. Nxa6 Be5 35. Nf1 Ra8 36. Nb4 Nxb4 37. cxb4 Ra4 38. f3 Rxb4 39. fxe4 Rxb2 40. Rxb2 Bxb2 41. exf5 Bd4+ 42. Kh2 gxf5 43. Nd2 f4 44. g4 Be3 45. Ne4 b4 46. Kg2 Kg6 47. Kf3 b3 48. h4 b2 49. Nc3 Kf6 50. Ke4 Ke6 51. Nb1 Bc1 52. Nc3 Kd6 53. Nb1 Ke6 54. Nc3 Bd2 55. Nb1 Be3 56. Nc3 Bc1 57. Nb1 Kd6 58. Nc3 Kc5 59. Na4+ 1-0

[Event "Lagos op"]
[Site "Lagos"]
[Date "2014.10.24"]
[Round "7"]
[White "Omorere, Benjamin"]
[Black "Akinseye, Abiola Daniel"]
[Result "1-0"]
[WhiteElo "2219"]
[BlackElo "2106"]
[PlyCount "81"]
[EventDate "2014.10.21"]
[EventType "swiss"]
[EventRounds "7"]
[EventCountry "NGR"]
[SourceTitle "CBM 163 Extra"]
[Source "ChessBase"]
[SourceDate "2014.12.23"]
[SourceVersion "1"]
[SourceVersionDate "2014.12.23"]
[SourceQuality "1"]

1. c4 Nf6 2. Nf3 g6 3. Nc3 Bg7 4. e4 d6 5. d4 0-0 6. Be2 e5 7. 0-0 Nc6 8. d5 Ne7 9. b4 a5 10. Ba3 axb4 11. Bxb4 Nd7 12. a4 h6 13. Nd2 f5 14. a5 fxe4 15. Ndxe4 Nf5 16. c5 dxc5 17. Nxc5 Nxc5 18. Bxc5 Nd6 19. Ra3 Rf4 20. g3 Rf7 21. Re1 h5 22. Bf1 Bf5 23. Qb3 h4 24. Qb4 g5 25. Nd1 Bc8 26. Ne3 hxg3 27. hxg3 Nf5 28. Nxf5 Rxf5 29. Bc4 g4 30. Rd3 Kh8 31. Kg2 Rh5 32. Rde3 Qf6 33. Be7 Qf5 34. Qc5 Bd7 35. Bd3 Qf7 36. Be4 Re8 37. Bh4 Rf8 38. R1e2 Bf6 39. Bxf6+ Qxf6 40. Qxc7 Rc8 41. Qxd7 1-0

[Event "Lagos op"]
[Site "Lagos"]
[Date "2014.10.21"]
[Round "2"]
[White "Akinseye, Abiola Daniel"]
[Black "Akintola, Fola"]
[Result "1-0"]
[WhiteElo "2106"]
[BlackElo "2282"]
[PlyCount "107"]
[EventDate "2014.10.21"]
[EventType "swiss"]
[EventRounds "7"]
[EventCountry "NGR"]
[SourceTitle "CBM 163 Extra"]
[Source "ChessBase"]
[SourceDate "2014.12.23"]
[SourceVersion "1"]
[SourceVersionDate "2014.12.23"]
[SourceQuality "1"]

1. e4 e5 2. Nf3 Nc6 3. Bc4 Nf6 4. Ng5 d5 5. exd5 Na5 6. Bb5+ c6 7. dxc6 bxc6 8. Bd3 Nd5 9. h4 Be7 10. Bf1 h6 11. Ne4 0-0 12. d3 f5 13. Nec3 Bxh4 14. Qh5 Bg5 15. Bxg5 Qxg5 16. Qxg5 hxg5 17. Nd2 g4 18. 0-0-0 Ba6 19. Na4 Rad8 20. Re1 Rfe8 21. g3 Bc8 22. Bg2 Kf7 23. a3 Kf6 24. b4 Nb7 25. Nc4 Bd7 26. Re2 f4 27. Be4 f3 28. Ree1 Rh8 29. Kd2 g6 30. Rxh8 Rxh8 31. Bxg6 Rh2 32. Rf1 Kxg6 33. Nxe5+ Kf5 34. Nxd7 Nf4 35. Ndc5 Ne2 36. Ne4 Ke5 37. c3 Nd6 38. Nac5 Nf5 39. d4+ Nfxd4 40. cxd4+ Kxd4 41. Kc2 Rg2 42. Kb3 Rh2 43. Rd1+ Ke5 44. Kc4 Rg2 45. a4 a6 46. a5 Rh2 47. Rd6 Rh1 48. Re6+ Kf5 49. Nd6+ Kg5 50. Nde4+ Kf5 51. Rxc6 Rc1+ 52. Kd3 Rd1+ 53. Ke3 Nd4 54. Rf6+ 1-0

[Event "Olympiad-41"]
[Site "Tromsoe"]
[Date "2014.08.09"]
[Round "7.4"]
[White "Nayan, Ahmad Fadzil"]
[Black "Akinseye, Abiola Daniel"]
[Result "1-0"]
[WhiteElo "2121"]
[BlackElo "2156"]
[PlyCount "91"]
[EventDate "2014.08.02"]
[EventType "team-swiss"]
[EventRounds "11"]
[EventCountry "NOR"]
[SourceTitle "CBM 162"]
[Source "ChessBase"]
[SourceDate "2014.09.17"]
[SourceVersion "1"]
[SourceVersionDate "2014.09.17"]
[SourceQuality "1"]
[WhiteTeam "Malaysia"]
[BlackTeam "Nigeria"]
[WhiteTeamCountry "MAS"]
[BlackTeamCountry "NGR"]

1. d4 Nf6 2. c4 g6 3. Nc3 Bg7 4. g3 0-0 5. Bg2 d6 6. Nf3 c6 7. 0-0 Bg4 8. h3 Be6 9. d5 cxd5 10. cxd5 Bc8 11. e4 Nbd7 12. Re1 a6 13. a4 Nc5 14. Bf4 Nh5 15. Bg5 h6 16. Be3 Nd7 17. Qd2 Kh7 18. b4 Ne5 19. Nxe5 dxe5 20. a5 Bd7 21. Rac1 Rc8 22. Bc5 Rg8 23. Nd1 Qe8 24. Ne3 Bb5 25. h4 Nf6 26. f3 h5 27. Bb6 Qd7 28. Kh2 Bh6 29. Bh3 e6 30. Qa2 Rge8 31. dxe6 fxe6 32. Red1 Rxc1 33. Rxc1 Bc6 34. Rd1 Qf7 35. Nc4 Qg7 36. Nd6 Re7 37. Bxe6 Nd7 38. Bd8 Qf6 39. Bxe7 Qxe7 40. Bxd7 Qxd7 41. Qf7+ Qxf7 42. Nxf7 Bf8 43. Nxe5 Bxb4 44. Nxc6 bxc6 45. Rd7+ Kg8 46. Ra7 1-0

[Event "Olympiad-41"]
[Site "Tromsoe"]
[Date "2014.08.06"]
[Round "5.4"]
[White "Valenta, Vit"]
[Black "Akinseye, Abiola Daniel"]
[Result "1-0"]
[WhiteElo "2132"]
[BlackElo "2156"]
[PlyCount "107"]
[EventDate "2014.08.02"]
[EventType "team-swiss"]
[EventRounds "11"]
[EventCountry "NOR"]
[SourceTitle "CBM 162"]
[Source "ChessBase"]
[SourceDate "2014.09.17"]
[SourceVersion "1"]
[SourceVersionDate "2014.09.17"]
[SourceQuality "1"]
[WhiteTeam "IPCA"]
[BlackTeam "Nigeria"]
[BlackTeamCountry "NGR"]

1. b4 Nf6 2. Bb2 e6 3. a3 b6 4. Nf3 Bb7 5. g3 d5 6. Bg2 Bd6 7. 0-0 Nbd7 8. d3 0-0 9. Nbd2 e5 10. Nh4 Re8 11. c4 c6 12. e4 Nf8 13. Nf5 Bc7 14. Rc1 g6 15. Nh6+ Kg7 16. Ng4 Nxg4 17. Qxg4 Bc8 18. Qe2 d4 19. c5 b5 20. f4 f6 21. Qf2 Qe7 22. Nf3 Bd7 23. h4 h6 24. f5 Nh7 25. fxg6 Kxg6 26. h5+ Kg7 27. Nh4 Ng5 28. Nf5+ Bxf5 29. Qxf5 Qf7 30. Rc2 Rf8 31. Bc1 Rae8 32. Bf3 Re7 33. Bg4 Bd8 34. Rcf2 Rc7 35. Kg2 Kh8 36. Bxg5 hxg5 37. h6 Kg8 38. Rh1 Qh7 39. Qf3 Qf7 40. Bh5 Qe6 41. Bg6 Kh8 42. Qh5 Rg8 43. h7 Rgg7 44. Qxg5 Rxh7 45. Bxh7 Rxh7 46. Rxh7+ Kxh7 47. Qf5+ Qxf5 48. Rxf5 Kg6 49. g4 a5 50. g5 a4 51. Kf3 Be7 52. Kg4 Bd8 53. gxf6 Bxf6 54. Rh5 1-0